Nuevo diccionraio de la lengua castellana que comprende la última edición del de la Academia Española, ...

Detalles Bibliográficos
Formato: Libro
Publicado: Besanzón 1853
Materias:
Colección:Banco de datos
Acervo:Biblioteca del Ex Convento de Nuestra Señora de Guadalupe. Zacatecas
Tema general:Diccionarios
Notas:Regular. XVIII,12,3 (6028)
LEADER 00720nam a22001810004500
035 |a 44185 
036 |a 5369 
245 1 0 |a Nuevo diccionraio de la lengua castellana que comprende la última edición del de la Academia Española, ... 
260 |a Besanzón  |b Imprenta y Estereotipía de la Viuda de Deis  |c 1853 
500 |a Regular. XVIII,12,3 (6028) 
650 1 0 |a Diccionarios 
949 |a CRZ-CG 
959 |a Ex convento de Nuestra Señora de Guadalupe, Museo Regional de Zacatecas, Zacatecas  |b CCC4 
960 |a Convento de Nuestra Señora de Guadalupe, Zacatecas  |b DD87 
961 |a Franciscana  |b OF 
942 |c CRZ-CG 
943 |g Biblioteca del Ex Convento de Nuestra Señora de Guadalupe. Zacatecas 
999 |c 968312  |d 968312